000 00627nam a2200229Ia 4500
003 OSt
005 20220927105243.0
006 a|||||r|||| 00| 0
007 ta
008 220926b |||||||| |||| 00| 0 eng d
024 _a190576
037 _cReference Collections
040 _aRTL
_cRTL
_beng
041 _2eng
_aeng
082 _a"U:(B28), P1"
100 _aWalford Nigel
_9371293
245 0 _aGeographical data characterstics and sources
260 _aLondon
_bJohn- Wiley
_c2001
300 _a274p.
_ccm.
942 _h"U:(B28), P1"
_cCC
999 _c691509
_d691509